Az osztrák polgári törvénykönyv 125 éves

Elmentve itt :
Bibliográfiai részletek
Szerző: Szigeti László
Dokumentumtípus: Cikk
Megjelent: 1937
Sorozat:Polgári jog : a hazai és külföldi magánjog és hiteljog szemléje 13
Kulcsszavak:Polgári jog - Ausztria
Online Access:http://misc.bibl.u-szeged.hu/6271
LEADER 00629nab a2200169 i 4500
001 misc6271
005 20191106142135.0
008 170607s1937 hu o 0|| hun d
040 |a SZTE Miscellanea Repozitórium  |b hun 
041 |a hun 
100 1 |a Szigeti László 
245 1 3 |a Az osztrák polgári törvénykönyv 125 éves  |h [elektronikus dokumentum] /  |c ifj. Szigeti László 
260 |c 1937 
300 |a 54-55a 
490 0 |a Polgári jog : a hazai és külföldi magánjog és hiteljog szemléje  |v 13 
695 |a Polgári jog - Ausztria 
856 4 0 |u http://misc.bibl.u-szeged.hu/6271/1/polgari_jog_1937_054-055a.pdf  |z Dokumentum-elérés